<?xml version="1.0" encoding="UTF-8"?><?xml-stylesheet type="text/xsl" href="static/style.xsl"?><OAI-PMH xmlns="http://www.openarchives.org/OAI/2.0/" xmlns:xsi="http://www.w3.org/2001/XMLSchema-instance" xsi:schemaLocation="http://www.openarchives.org/OAI/2.0/ http://www.openarchives.org/OAI/2.0/OAI-PMH.xsd"><responseDate>2026-04-30T04:58:40Z</responseDate><request verb="GetRecord" identifier="oai:uvadoc.uva.es:10324/51143" metadataPrefix="marc">https://uvadoc.uva.es/oai/request</request><GetRecord><record><header><identifier>oai:uvadoc.uva.es:10324/51143</identifier><datestamp>2025-01-21T12:03:55Z</datestamp><setSpec>com_10324_1146</setSpec><setSpec>com_10324_931</setSpec><setSpec>com_10324_894</setSpec><setSpec>com_10324_32197</setSpec><setSpec>com_10324_952</setSpec><setSpec>col_10324_1262</setSpec><setSpec>col_10324_32199</setSpec></header><metadata><record xmlns="http://www.loc.gov/MARC21/slim" xmlns:doc="http://www.lyncode.com/xoai" xmlns:xsi="http://www.w3.org/2001/XMLSchema-instance" xmlns:dcterms="http://purl.org/dc/terms/" xsi:schemaLocation="http://www.loc.gov/MARC21/slim http://www.loc.gov/standards/marcxml/schema/MARC21slim.xsd">
<leader>00925njm 22002777a 4500</leader>
<datafield tag="042" ind1=" " ind2=" ">
<subfield code="a">dc</subfield>
</datafield>
<datafield tag="720" ind1=" " ind2=" ">
<subfield code="a">Karray, Salma</subfield>
<subfield code="e">author</subfield>
</datafield>
<datafield tag="720" ind1=" " ind2=" ">
<subfield code="a">Martín Herrán, Guiomar</subfield>
<subfield code="e">author</subfield>
</datafield>
<datafield tag="260" ind1=" " ind2=" ">
<subfield code="c">2021</subfield>
</datafield>
<datafield tag="520" ind1=" " ind2=" ">
<subfield code="a">This paper investigates the impact of decision timing for pricing and marketing efforts in a supply chain led by competing manufacturers. We develop and solve six games to consider the scenarios (games) where prices and marketing efforts (ME) are decided simultaneously, and when they are not (i.e., ME is set either before or after prices). We examine these three scenarios for the benchmark case of a bilateral monopolistic channel, then extend the analysis to a supply chain with competing manufacturers. We identify the optimal decision timing by comparing equilibrium profits and strategies across games in each supply chain setup. We find that a monopolistic manufacturer always prefers that prices and ME be decided simultaneously. However, this result does not hold when product competition is taken into account. The optimal decision timing for competing manufacturers depends on the retailer's and manufacturers' ME effectiveness levels as well as on competition intensity. Specifically, when ME are not very effective, a simultaneous decision scenario is preferred because it provides the advantage of higher profit margins or sales. However, for highly effective ME, manufacturers prefer to decouple ME and pricing decisions. The retailer's optimal scenario is either to make all decisions simultaneously or to choose prices prior to ME. This means that supply chain firms can face conflict due to the decision timing for prices and ME.</subfield>
</datafield>
<datafield tag="024" ind2=" " ind1="8">
<subfield code="a">International Transactions in Operational Research, 2024, vol. 31, n. 1, p. 568-615</subfield>
</datafield>
<datafield tag="024" ind2=" " ind1="8">
<subfield code="a">0969-6016</subfield>
</datafield>
<datafield tag="024" ind2=" " ind1="8">
<subfield code="a">https://uvadoc.uva.es/handle/10324/51143</subfield>
</datafield>
<datafield tag="024" ind2=" " ind1="8">
<subfield code="a">10.1111/itor.13094</subfield>
</datafield>
<datafield tag="024" ind2=" " ind1="8">
<subfield code="a">International Transactions in Operational Research</subfield>
</datafield>
<datafield tag="024" ind2=" " ind1="8">
<subfield code="a">1475-3995</subfield>
</datafield>
<datafield tag="245" ind1="0" ind2="0">
<subfield code="a">The effects of decision timing for pricing and marketing efforts in a supply chain with competing manufacturers</subfield>
</datafield>
</record></metadata></record></GetRecord></OAI-PMH>